000 00681cam a22002413a 4500
001 23175
003 PGUSA
005 20140828083507.0
008 071024s2007||||xxu|||||s|||||000 1 eng d
040 _aPGUSA
_beng
042 _adc
050 4 _aPS
100 1 _aStockton, Frank Richard,
_d1834-1902
245 1 0 _aMy Terminal Moraine :
_b1892
_h[electronic resource] /
_cFrank Richard Stockton
260 _bProject Gutenberg,
_c2007
506 _aPublic domain in the USA.
516 _aElectronic text
653 _aIce -- Fiction
653 _aGlaciers -- Fiction
830 0 _aProject Gutenberg
_v23175
856 4 0 _uhttp://www.gutenberg.org/ebooks/23175
942 _cEB
999 _c252430
_d252430